000 00751nam a22002057a 4500
005 20170208114030.0
010 _aENG-114403
020 _a9789351435495
_c695.00
035 _aEN-97935
037 _bDBAD/PUB
082 _a342.54044
100 _aMalik, Lokendra
245 _aThe power of Raisina Hill :
_cby Lokendra Malik; foreworded by A.K.Sikri
_bthe constitutional position, functions and powers of the President of India /
260 _aGurgaon
_bLexisNexis
_c2015
270 _a14th Floor, Building No.10, Tower-B, DLF Cyber City, Phase-II
_bGurgaon
_e122002
300 _axxvii,470p.
_c24cm(Hb)
500 _aIncludes bibliographical references and index
700 _aSikri, A.K.
942 _2ddc
_cEN
_mMAL
_h342.54044
999 _c97954
_d97954